000 00368nam a2200145Ia 4500
008 100415s9999 xx 000 0 und d
082 _b7778
_a599.735
100 _aWhitehead G Kenneth
245 _aDeer of the World
260 _c1939
_bNATIONAL GEOGRAPHIC SOCIETY
365 _b0
630 _aDeer of the World
730 _aDeer of the World
942 _cBOOK
999 _c590730
_d590727